Normal view
MARC view
Entry Personal Name
001 - CONTROL NUMBER
- control field: 7746
003 - CONTROL NUMBER IDENTIFIER
- control field: ARRUPE
005 - DATE AND TIME OF LATEST TRANSACTION
- control field: 20140203135433.0
008 - FIXED-LENGTH DATA ELEMENTS
- fixed length control field: 140203|| aca||aabn | a|a d
040 ## - CATALOGING SOURCE
- Original cataloging agency: ARRUPE
- Transcribing agency: ARRUPE
100 ## - HEADING--PERSONAL NAME
- Personal name: Caird, G. B.
- Fuller form of name: (George Bradford),
- Dates associated with a name: 1917-
670 ## - SOURCE DATA FOUND
- Source citation: Work cat.: (ARRUPE)0: Caird, G. B. (George Bradford), 1917-, The language and imagery of the Bible /, 1980.